02855nam a2200469 a 4500001001000000003000900010005001700019007001000036008003800046020001500084040002200099082003400121100002900155245023800184260004000422300004200462500018800504505058700692650005101279650003801330650003801368650003101406650003701437650003901474650004001513650003401553700004001587700003701627700003301664910003601697930004001733930004601773942001201819945002801831952012601859952013301985952013302118956004102251956003902292956003902331999001502370000045217DO-SdBNP20180313112021.0000045217150211s1997 dr abc 000 0 spa d a8482610082 aBPMSUbspacBPMSU04a373.89bC343r 1ro. 19971 aCassá, Roberto,d1948-13aLa República Dominicana : bdos siglos de historia, geografía y sociedad ; 1er. curso, segundo ciclo /cRoberto Cassá, Carlos Andújar Persinal, Juan Manuel Romero Valiente ; dirección editorial Obdulia García de Escobar  aSanto Domingo :bSantillana,c1997. a231 p. :bil., mapa, retrs. ;c28 cm. aEste libro ha sido realizado de conformidad con el currículum vigente y ha sido sometido a la aprobación de la SEEBAC "Secretaría de Estado de Educación Bellas Artes y Cultos"0 tLa República Dominicana: geografía, geología --tClima, aguas y vegetación --tLos recursos naturales --tLa antropología: historia, campos de estudio e importancia --tLas últimas fases del período colonial --tLa reconquista y la España Boba --tLa independencia y la anexión --tLa formación del estado moderno --tCrisis política e intervención de 1916 --tLa dictadura de Rafael L. Trujillo --tInstitucionalización y lucha política en 1961 --tLa economía rural e industrial en R. D. --tModernidad y crisis social --tLas ciudades y su historia. 4aEDUCACIÓN SECUNDARIAzREPÚBLICA DOMINICANA 4aHISTORIA xENSEÑANZA SECUNDARIA 4aHISTORIA xEDUCACIÓN SECUNDARIA 4aHISTORIAxLIBROS DE TEXTOS 4aHISTORIA xESTUDIOS Y EJERCICIOS 4aGEOGRAFÍAxESTUDIOS Y EJERCICIOS 4aGEOGRAFÍAxENSEÑANZA SECUNDARIA 4aGEOGRAFÍAxLIBROS DE TEXTOS1 aGarcía de Escobar, Obdulia, eed.1 aAndújar Persinal, Carlos,eed.1 3Romero Valiente, Juan Manuel aValidado. Contol de calidad MFF 1lBND01mLF1820150211f01pHDg46976 1lBND01mLF1820150211f01pHDg46976he. 2 2ddccBK ainventariado, 2018 / dg 00102ddc40708CEaBPMETbBPMETd2015-06-26l0o373.89 C343r 1ro. 1997pBPMSU15060144r2015-06-26w2015-06-26yBK 00102ddc40708CEaBPMETbBPMETd2015-06-26l0o373.89 C343r 1ro. 1997pBPMSU15060145r2015-06-26tej. 2w2015-06-26yBK 00102ddc40708CEaBPMETbBPMETd2015-06-26l0o373.89 C343r 1ro. 1997pBPMSU15060146r2015-06-26tej. 3w2015-06-26yBK aYLOCKWARDb10c20150624lBND01h0924 aVMATEOb10c20150626lBPMSUh00151 aLOPEREZb10c20160404lBPMSUh0041 c7936d7936